[Event "Titled Tuesday intern op 01st Aug Early"]
[Site "Chess.com INT"]
[Date "2023.08.01"]
[Round "2"]
[White "Gordon, Frederick"]
[Black "Skatchkov, Pavel"]
[Result "1-0"]
[WhiteElo "2253"]
[BlackElo "2457"]
[PlyCount "103"]
[EventDate "2023.08.01"]
[EventType "swiss (blitz)"]
[EventRounds "11"]
[EventCountry "USA"]
[SourceTitle "EXT 2024"]
[Source "ChessBase"]
[SourceDate "2023.10.10"]
[SourceVersion "1"]
[SourceVersionDate "2023.10.10"]
[SourceQuality "1"]

1. Nf3 d5 2. g3 Nd7 3. d4 Nb6 4. Bg2 Nf6 5. 0-0 Bf5 6. b3 e6 7. Bb2 c6 8. Nbd2 h6 9. Ne5 Be7 10. c4 0-0 11. c5 Nbd7 12. f4 Rc8 13. b4 a5 14. a3 b6 15. h3 Bh7 16. Qa4 Qc7 17. Bc3 Nxe5 18. fxe5 Nd7 19. e4 f6 20. exd5 cxd5 21. exf6 Nxf6 22. Rf3 Ne4 23. Nxe4 Bxe4 24. cxb6 Qxb6 25. Rxf8+ Bxf8 26. Qb3 axb4 27. axb4 Qc7 28. Be1 Qb6 29. Bc3 Bxg2 30. Kxg2 Rc4 31. b5 Qc7 32. b6 Qb8 33. b7 Rc7 34. Rb1 Bd6 35. Ba5 Rf7 36. g4 Re7 37. Qb6 Kh7 38. Qxd6 Qxd6 39. b8Q Qa3 40. Qb4 Qd3 41. Qxe7 Qc2+ 42. Kg3 Qd3+ 43. Kh4 Qxb1 44. Qxe6 Qc2 45. Qf5+ Qxf5 46. gxf5 Kg8 47. Bc7 Kf7 48. Be5 g6 49. fxg6+ Kxg6 50. Kg4 h5+ 51. Kf4 Kh6 52. Kf5 1-0

[Event "Titled Tuesday intern op 06th Jun Late"]
[Site "Chess.com INT"]
[Date "2023.06.06"]
[Round "3"]
[White "Skatchkov, Pavel"]
[Black "Kohler, Aran"]
[Result "1-0"]
[WhiteElo "2457"]
[BlackElo "2010"]
[PlyCount "85"]
[EventDate "2023.06.06"]
[EventType "swiss (blitz)"]
[EventRounds "11"]
[EventCountry "USA"]
[SourceTitle "EXT 2024"]
[Source "ChessBase"]
[SourceDate "2023.10.10"]
[SourceVersion "1"]
[SourceVersionDate "2023.10.10"]
[SourceQuality "1"]

1. d4 Nf6 2. c4 e6 3. Nf3 d5 4. g3 c6 5. Bg2 Nbd7 6. 0-0 Bd6 7. Nc3 0-0 8. Nd2 h6 9. e4 dxe4 10. Ndxe4 Nxe4 11. Nxe4 Be7 12. b3 Nf6 13. Bb2 Nxe4 14. Bxe4 Bf6 15. Qd2 Qc7 16. Rad1 Bd7 17. Rfe1 Rad8 18. h4 Bc8 19. Bb1 c5 20. Qc2 g6 21. h5 cxd4 22. hxg6 fxg6 23. Qxg6+ Qg7 24. Qe4 e5 25. c5 Be6 26. Rxd4 exd4 27. Qxe6+ Kh8 28. Bd3 Rd7 29. Qh3 Re7 30. Rxe7 Bxe7 31. Bxd4 Bf6 32. Be3 Bg5 33. Bxg5 Qxg5 34. Be4 Qf6 35. Qf1 Qe7 36. Qc4 Re8 37. Bf3 Qe1+ 38. Kg2 Qe7 39. b4 a6 40. a4 Rf8 41. b5 axb5 42. axb5 Qf6 43. Qd5 1-0

[Event "Titled Tuesday intern op 14th Mar Early"]
[Site "Chess.com INT"]
[Date "2023.03.14"]
[Round "7"]
[White "Gavrilov, Maxim"]
[Black "Skatchkov, Pavel"]
[Result "0-1"]
[WhiteElo "2187"]
[BlackElo "2457"]
[PlyCount "98"]
[EventDate "2023.03.14"]
[EventType "swiss (blitz)"]
[EventRounds "11"]
[EventCountry "USA"]
[SourceTitle "EXT 2024"]
[Source "ChessBase"]
[SourceDate "2023.10.10"]
[SourceVersion "1"]
[SourceVersionDate "2023.10.10"]
[SourceQuality "1"]

1. d4 Nf6 2. c4 e6 3. Nc3 d5 4. cxd5 exd5 5. Bg5 Bb4 6. Nf3 h6 7. Bh4 g5 8. Bg3 Ne4 9. Nd2 Nxg3 10. hxg3 Nc6 11. e3 Be6 12. Bd3 Qf6 13. 0-0 h5 14. Qf3 Ke7 15. Qxf6+ Kxf6 16. a3 Bd6 17. e4 Nxd4 18. exd5 Bf5 19. Bxf5 Kxf5 20. f4 g4 21. Nc4 Rhe8 22. Rae1 Bc5 23. Kh2 f6 24. b4 Bd6 25. Rd1 Ne2 26. Nb5 Rad8 27. Rfe1 Kg6 28. Ncxd6 cxd6 29. Rd2 a6 30. Nc7 Nxg3 31. Nxe8 Rxe8 32. f5+ Kg5 33. Rxe8 Nf1+ 34. Kg1 Nxd2 35. Rb8 Kxf5 36. Rxb7 Ke5 37. Rb6 Kxd5 38. Rxa6 f5 39. Ra5+ Ke4 40. a4 h4 41. b5 f4 42. b6 h3 43. gxh3 g3 44. b7 f3 45. Rg5 f2+ 46. Kg2 f1Q+ 47. Kxg3 Qf4+ 48. Kg2 Qxg5+ 49. Kh1 Nf3 0-1

[Event "Titled Tuesday intern op 14th Mar Early"]
[Site "Chess.com INT"]
[Date "2023.03.14"]
[Round "4"]
[White "Lobanov, Sergei"]
[Black "Skatchkov, Pavel"]
[Result "1/2-1/2"]
[WhiteElo "2545"]
[BlackElo "2457"]
[PlyCount "47"]
[EventDate "2023.03.14"]
[EventType "swiss (blitz)"]
[EventRounds "11"]
[EventCountry "USA"]
[SourceTitle "EXT 2024"]
[Source "ChessBase"]
[SourceDate "2023.10.10"]
[SourceVersion "1"]
[SourceVersionDate "2023.10.10"]
[SourceQuality "1"]

1. d4 Nf6 2. c4 e6 3. Nc3 d5 4. cxd5 exd5 5. Bg5 Bb4 6. e3 h6 7. Bh4 g5 8. Bg3 Ne4 9. Nge2 h5 10. h3 Nc6 11. Bh2 g4 12. hxg4 Qh4 13. g3 Qf6 14. Bg1 Bxg4 15. Qb3 0-0-0 16. a3 Ba5 17. Rh4 Rhe8 18. Bh3 Qf3 19. Qc2 Kb8 20. Kf1 Qf5 21. Kg2 Qf3+ 22. Kf1 Qf5 23. Kg2 Qf3+ 24. Kf1 1/2-1/2

[Event "Titled Tuesday intern op 03rd Aug"]
[Site "Chess.com INT"]
[Date "2021.08.03"]
[Round "9"]
[White "Skatchkov, Pavel"]
[Black "Makhnev, Denis"]
[Result "0-1"]
[WhiteElo "2457"]
[BlackElo "2513"]
[PlyCount "136"]
[EventDate "2021.08.03"]
[EventType "swiss (blitz)"]
[EventRounds "11"]
[EventCountry "USA"]
[SourceTitle "CBM 203 Extra"]
[Source "ChessBase"]
[SourceDate "2021.09.30"]
[SourceVersion "1"]
[SourceVersionDate "2021.09.30"]
[SourceQuality "1"]

1. d4 d5 2. c4 dxc4 3. e4 Nc6 4. Nf3 Bg4 5. Bxc4 Bxf3 6. Qxf3 e6 7. d5 Ne5 8. Bb5+ c6 9. Qg3 Qa5+ 10. Nc3 cxb5 11. Qxe5 b4 12. Ne2 Nf6 13. 0-0 Be7 14. Bd2 0-0 15. a3 Nd7 16. Qg3 exd5 17. axb4 Qb5 18. Nc3 Qc6 19. Nxd5 Bd6 20. b5 Qxd5 21. exd5 Bxg3 22. hxg3 Nb6 23. d6 Nd5 24. Rfd1 Rfd8 25. Ra3 Rxd6 26. Bf4 Rd7 27. Rad3 Rad8 28. Be3 b6 29. Bg5 f6 30. Bf4 Kf7 31. g4 Ke8 32. Re1+ Re7 33. Rxe7+ Kxe7 34. Bg3 Rd7 35. Rd4 Nc7 36. Re4+ Ne6 37. Rc4 Nd4 38. Rb4 Rd5 39. Ra4 Nxb5 40. f3 Kd7 41. Bb8 Kc8 42. Bxa7 Kb7 43. Re4 Rd7 44. Bxb6 Kxb6 45. f4 Kc5 46. g5 fxg5 47. Re5+ Rd5 48. Re7 gxf4 49. Rxg7 h5 50. Rf7 Nd4 51. Kh2 Ne6 52. Rf6 Re5 53. g3 fxg3+ 54. Kxg3 Ng7 55. Kh4 Re7 56. Rg6 Kd4 57. Kg5 Ke5 58. b4 Kd5 59. b5 Kc5 60. b6 Rb7 61. Kh4 Kb5 62. Kg5 Ka6 63. Kh4 Rd7 64. Kg5 Rd5+ 65. Kf6 Rd6+ 66. Kg5 Rxg6+ 67. Kh4 Rg4+ 68. Kh3 Nf5 0-1

[Event "Titled Tuesday intern op 29th June"]
[Site "Chess.com INT"]
[Date "2021.06.29"]
[Round "9"]
[White "Skatchkov, Pavel"]
[Black "Ezat, Mohamed Mahmoud"]
[Result "1-0"]
[WhiteElo "2457"]
[BlackElo "2417"]
[PlyCount "73"]
[EventDate "2021.06.29"]
[EventType "swiss (blitz)"]
[EventRounds "11"]
[EventCountry "USA"]
[SourceTitle "CBM 203 Extra"]
[Source "ChessBase"]
[SourceDate "2021.09.30"]
[SourceVersion "1"]
[SourceVersionDate "2021.09.30"]
[SourceQuality "1"]

1. d4 Nf6 2. c4 g6 3. Nc3 Bg7 4. e4 d6 5. h3 0-0 6. Be3 e5 7. d5 Na6 8. g4 Nd7 9. Nge2 Kh8 10. h4 f5 11. exf5 gxf5 12. gxf5 Ndc5 13. Ng3 e4 14. h5 Qe7 15. a3 Bd7 16. h6 Be5 17. Qc2 c6 18. dxc6 bxc6 19. Rd1 Bxg3 20. fxg3 Bxf5 21. Bd4+ Kg8 22. Qe2 Rae8 23. b4 Nd3+ 24. Kd2 Qe6 25. Rh4 Qxc4 26. Rg4+ Bg6 27. Rxg6+ hxg6 28. h7+ Kxh7 29. Qh2+ Kg8 30. Qh8+ Kf7 31. Qg7+ Ke6 32. Bh3+ Rf5 33. Qxg6+ Kd7 34. Qxf5+ Kc7 35. Qd7+ Kb8 36. Qxe8+ Kb7 37. Qc8# 1-0

[Event "Titled Tuesday intern op 25th May"]
[Site "Chess.com INT"]
[Date "2021.05.25"]
[Round "10"]
[White "Skatchkov, Pavel"]
[Black "Grochal, Joey"]
[Result "1/2-1/2"]
[WhiteElo "2457"]
[BlackElo "2335"]
[PlyCount "77"]
[EventDate "2021.05.25"]
[EventType "swiss (blitz)"]
[EventRounds "11"]
[EventCountry "USA"]
[SourceTitle "CBM 203 Extra"]
[Source "ChessBase"]
[SourceDate "2021.09.30"]
[SourceVersion "1"]
[SourceVersionDate "2021.09.30"]
[SourceQuality "1"]

1. d4 Nf6 2. c4 e6 3. Nf3 d5 4. g3 Be7 5. Bg2 0-0 6. 0-0 dxc4 7. Qc2 a6 8. a4 Bd7 9. Qxc4 Bc6 10. Bg5 a5 11. Nc3 Na6 12. e3 Nb4 13. Rfd1 Nfd5 14. Bxe7 Qxe7 15. Ne5 Nxc3 16. Nxc6 Nxc6 17. bxc3 Qd6 18. Rab1 Ra7 19. Rb5 Nd8 20. f4 c6 21. Rb6 f5 22. Rdb1 Rf7 23. Qd3 Rc7 24. c4 Nf7 25. c5 Qd8 26. Qb3 Qc8 27. Bf1 Kf8 28. Bc4 Ke7 29. e4 g6 30. Re1 Nd8 31. exf5 gxf5 32. Qd1 Qd7 33. Qh5 Qxd4+ 34. Kg2 Qxc4 35. Qg5+ Ke8 36. Qg8+ Ke7 37. Qg5+ Ke8 38. Qg8+ Ke7 39. Qg5+ 1/2-1/2

[Event "Titled Tuesday intern op 11th May"]
[Site "Chess.com INT"]
[Date "2021.05.11"]
[Round "4"]
[White "Purtseladze, Maka"]
[Black "Skatchkov, Pavel"]
[Result "0-1"]
[WhiteElo "2274"]
[BlackElo "2457"]
[PlyCount "120"]
[EventDate "2021.05.11"]
[EventType "swiss (blitz)"]
[EventRounds "11"]
[EventCountry "USA"]
[SourceTitle "CBM 202 Extra"]
[Source "ChessBase"]
[SourceDate "2021.07.31"]
[SourceVersion "1"]
[SourceVersionDate "2021.07.31"]
[SourceQuality "1"]

1. d4 Nf6 2. c4 e6 3. Nc3 Bb4 4. e3 0-0 5. Nge2 d5 6. a3 Bd6 7. c5 Be7 8. Nf4 b6 9. b4 a5 10. Bb2 c6 11. Bd3 Ba6 12. 0-0 Nbd7 13. Bxa6 Rxa6 14. Nd3 Qa8 15. Ne5 Nxe5 16. dxe5 Nd7 17. b5 cxb5 18. Nxb5 bxc5 19. Nc7 Qb7 20. Nxa6 Qxb2 21. Qa4 Nxe5 22. Rab1 Qe2 23. Qxa5 Qg4 24. h3 Qg6 25. Qc7 Nf3+ 26. Kh1 Nh4 27. Qg3 Qxg3 28. fxg3 Nf5 29. Rf3 Bd6 30. g4 Ng3+ 31. Kg1 Ra8 32. Rb6 Ne4 33. Rf1 c4 34. Rfb1 Bxa3 35. Rb8+ Rxb8 36. Rxb8+ Bf8 37. Rc8 g6 38. Nc7 Kg7 39. Ne8+ Kg8 40. g5 Nxg5 41. Nf6+ Kg7 42. h4 Kxf6 43. hxg5+ Kg7 44. Rc7 Bd6 45. Rd7 Bg3 46. Kf1 Bh4 47. Ke2 Bxg5 48. Kf3 h5 49. e4 dxe4+ 50. Kxe4 Bf6 51. Rc7 c3 52. Kf4 g5+ 53. Ke4 Kg6 54. Kf3 g4+ 55. Kf4 Bd4 56. Rc4 e5+ 57. Ke4 f5+ 58. Kd5 h4 59. Ke6 Kg5 60. Rc8 h3 0-1

[Event "Titled Tuesday intern op 11th May"]
[Site "Chess.com INT"]
[Date "2021.05.11"]
[Round "8"]
[White "Skatchkov, Pavel"]
[Black "Ronka, Erik"]
[Result "1-0"]
[WhiteElo "2457"]
[BlackElo "2303"]
[PlyCount "129"]
[EventDate "2021.05.11"]
[EventType "swiss (blitz)"]
[EventRounds "11"]
[EventCountry "USA"]
[SourceTitle "CBM 202 Extra"]
[Source "ChessBase"]
[SourceDate "2021.07.31"]
[SourceVersion "1"]
[SourceVersionDate "2021.07.31"]
[SourceQuality "1"]

1. d4 d5 2. c4 e6 3. Nf3 a6 4. c5 b6 5. cxb6 cxb6 6. Nc3 Nf6 7. Bf4 Bd6 8. e3 0-0 9. Bd3 Bb7 10. 0-0 Nc6 11. Rc1 Rc8 12. Re1 b5 13. Bg5 Be7 14. Bb1 Na5 15. Qd3 g6 16. b3 Nd7 17. Bxe7 Qxe7 18. Ne2 Rxc1 19. Rxc1 Rc8 20. Rxc8+ Bxc8 21. Qc3 Qd8 22. h4 Bb7 23. h5 Nc6 24. h6 Qe7 25. Nf4 Qb4 26. Qc2 Qd6 27. Nd3 f6 28. Nf4 Nf8 29. Nd3 Nd7 30. g4 e5 31. dxe5 fxe5 32. Nde1 Qe6 33. g5 Qg4+ 34. Kf1 e4 35. Nd4 Nxd4 36. exd4 Qf4 37. Ng2 Qd6 38. Ne3 Nf8 39. Ng4 Nd7 40. b4 Kf7 41. Qb3 Qc6 42. Bxe4 Qc1+ 43. Kg2 Qxg5 44. Bf3 Nf6 45. Kg3 Nh5+ 46. Kh2 Qf4+ 47. Kg2 Qxd4 48. Qc2 Nf4+ 49. Kg3 Ne6 50. Qc1 Qc4 51. Qe3 Qd4 52. Qc1 Ke7 53. a3 Qc4 54. Qe3 Qd4 55. Qe2 Kd6 56. Qc2 Qf4+ 57. Kg2 Nd4 58. Qc5+ Kd7 59. Bd1 Ne6 60. Qb6 d4+ 61. Qxb7+ Nc7 62. Qf3 Qxf3+ 63. Kxf3 Ke6 64. Ke4 Nd5 65. Bb3 1-0

[Event "Titled Tuesday intern op 04th May"]
[Site "Chess.com INT"]
[Date "2021.05.04"]
[Round "9"]
[White "Chitlange, Sakshi"]
[Black "Skatchkov, Pavel"]
[Result "0-1"]
[WhiteElo "2167"]
[BlackElo "2457"]
[PlyCount "67"]
[EventDate "2021.05.04"]
[EventType "swiss (blitz)"]
[EventRounds "11"]
[EventCountry "USA"]
[SourceTitle "CBM 202 Extra"]
[Source "ChessBase"]
[SourceDate "2021.07.31"]
[SourceVersion "1"]
[SourceVersionDate "2021.07.31"]
[SourceQuality "1"]

1. d4 Nf6 2. c4 e6 3. g3 d5 4. Bg2 dxc4 5. Nf3 a6 6. 0-0 Nc6 7. Qc2 Nxd4 8. Nxd4 Qxd4 9. Be3 Qe5 10. Nd2 Be7 11. Nxc4 Qh5 12. Bf4 Nd5 13. Bf3 Qh3 14. Bg2 Qh5 15. Bf3 Qg6 16. Be4 f5 17. Ne5 Qf6 18. Bxd5 exd5 19. Qxc7 Bd6 20. Nd7 Bxd7 21. Bxd6 Rc8 22. Qb6 Rc6 23. Qxb7 Qxd6 24. Qa8+ Rc8 25. Qb7 0-0 26. Qb3 Bc6 27. Rad1 Kh8 28. Rd4 Qe5 29. Rfd1 f4 30. gxf4 Rxf4 31. Rxf4 Qxf4 32. e3 Qg4+ 33. Kf1 Bb5+ 34. Ke1 0-1

[Event "Titled Tuesday intern op 04th May"]
[Site "Chess.com INT"]
[Date "2021.05.04"]
[Round "6"]
[White "Skatchkov, Pavel"]
[Black "Plotnikov, Pavel"]
[Result "1-0"]
[WhiteElo "2457"]
[BlackElo "2297"]
[PlyCount "115"]
[EventDate "2021.05.04"]
[EventType "swiss (blitz)"]
[EventRounds "11"]
[EventCountry "USA"]
[SourceTitle "CBM 202 Extra"]
[Source "ChessBase"]
[SourceDate "2021.07.31"]
[SourceVersion "1"]
[SourceVersionDate "2021.07.31"]
[SourceQuality "1"]

1. d4 Nf6 2. c4 g6 3. Nc3 Bg7 4. e4 d6 5. h3 0-0 6. Be3 e5 7. d5 Na6 8. g4 Nc5 9. f3 a5 10. Qd2 h5 11. Nge2 b6 12. Bg5 Kh7 13. gxh5 gxh5 14. Ng3 Kg6 15. h4 Rh8 16. f4 exf4 17. Qxf4 Qe7 18. 0-0-0 Qe5 19. Qxe5 dxe5 20. Be2 Ng4 21. Nb5 Nf2 22. Rhg1 Nxd1 23. Kxd1 Bg4 24. Nxc7 Rac8 25. Nb5 Bf6 26. Bxf6 Kxf6 27. Rf1+ Ke7 28. Bxg4 hxg4 29. h5 Rcf8 30. d6+ Kd7 31. Rf6 Nb7 32. Nf5 Nd8 33. h6 Rfg8 34. Ne7 Rg5 35. Ke2 g3 36. Kf1 Rh7 37. Kg2 Ne6 38. Nd5 Kc6 39. Ne7+ Kd7 40. Nd5 Rg6 41. Nxb6+ Kc6 42. Rxg6 fxg6 43. Nd5 Rxh6 44. Kxg3 Nc5 45. Nf6 g5 46. Ng4 Nxe4+ 47. Kf3 Rh4 48. Nxe5+ Kb7 49. d7 Nd2+ 50. Ke2 Rh2+ 51. Ke3 Nf1+ 52. Ke4 Rd2 53. Nd3 Re2+ 54. Kd4 Ne3 55. d8Q Nf5+ 56. Kc3 Ne7 57. Nc5+ Kc6 58. Qd6# 1-0

[Event "Titled Tuesday intern op 29th Dec"]
[Site "Chess.com INT"]
[Date "2020.12.29"]
[Round "3"]
[White "Skatchkov, Pavel"]
[Black "Gabrielian, Artur"]
[Result "0-1"]
[WhiteElo "2457"]
[BlackElo "2458"]
[PlyCount "108"]
[EventDate "2020.12.29"]
[EventType "swiss (blitz)"]
[EventRounds "11"]
[EventCountry "USA"]
[SourceTitle "CBM 200 Extra"]
[Source "ChessBase"]
[SourceDate "2021.03.31"]
[SourceVersion "1"]
[SourceVersionDate "2021.03.31"]
[SourceQuality "1"]

1. d4 Nf6 2. Nf3 g6 3. g3 Bg7 4. Bg2 0-0 5. 0-0 d6 6. c4 Nbd7 7. Nc3 e5 8. e4 exd4 9. Nxd4 Re8 10. Re1 Nc5 11. h3 Bd7 12. Bg5 h6 13. Bf4 g5 14. Bd2 Nfxe4 15. Nxe4 Nxe4 16. Bxe4 Bxd4 17. Bxb7 Rb8 18. Qf3 Qf6 19. Rxe8+ Rxe8 20. Qxf6 Bxf6 21. Be3 a5 22. Kg2 Rb8 23. Bd5 Rxb2 24. Rd1 Rxa2 25. c5 Rb2 26. cxd6 cxd6 27. Be4 Be5 28. h4 f6 29. hxg5 hxg5 30. Bd5+ Kg7 31. Rc1 Kf8 32. Rc7 Ke8 33. Ra7 a4 34. Be4 f5 35. Bf3 f4 36. gxf4 gxf4 37. Bh5+ Kd8 38. Bc1 Rxf2+ 39. Kxf2 Bd4+ 40. Kf3 Bxa7 41. Kxf4 Bc5 42. Bf7 Kc7 43. Ke4 Bc6+ 44. Kd3 Kb6 45. Kc3 d5 46. Kb2 Kb5 47. Bd2 Kb6 48. Bc3 d4 49. Bxd4 Bxd4+ 50. Ka3 Bc5+ 51. Ka2 Kb5 52. Bg8 Kb4 53. Bf7 Bb5 54. Bg8 Bc4+ 0-1

[Event "Titled Tuesday intern op 29th Dec"]
[Site "Chess.com INT"]
[Date "2020.12.29"]
[Round "6"]
[White "Skatchkov, Pavel"]
[Black "Palkovich, Denis"]
[Result "1-0"]
[WhiteElo "2457"]
[BlackElo "2190"]
[PlyCount "51"]
[EventDate "2020.12.29"]
[EventType "swiss (blitz)"]
[EventRounds "11"]
[EventCountry "USA"]
[SourceTitle "CBM 200 Extra"]
[Source "ChessBase"]
[SourceDate "2021.03.31"]
[SourceVersion "1"]
[SourceVersionDate "2021.03.31"]
[SourceQuality "1"]

1. d4 d5 2. Nf3 Bf5 3. c4 e6 4. Nc3 Bb4 5. Qb3 Nc6 6. e3 a5 7. cxd5 a4 8. Qd1 exd5 9. Bb5 Nge7 10. Ne5 a3 11. 0-0 0-0 12. Qf3 Nxe5 13. dxe5 c6 14. Be2 Bxc3 15. bxc3 Be4 16. Qg3 Nf5 17. Qh3 Qh4 18. Qxh4 Nxh4 19. f3 Bg6 20. c4 dxc4 21. e4 Bh5 22. g4 Bg6 23. Bg5 Rfd8 24. Bxh4 Rd2 25. Bxc4 Rad8 26. Bxd8 1-0